000 00236nam a2200097Ia 4500
008 200302s9999 xx 000 0 und d
100 _aRachel Macdonald
245 _aAustralian Interior Trends
260 _bDavid Johnson
300 _a133 P.,
999 _c1681
_d1681